Dictators by statue - Statistics

General Stats
  • This quiz has been taken 86 times
  • The average score is 6 of 12
Answer Stats
Picture Answer % Correct
Mao Zedong
96%
Joseph Stalin
94%
Kim Il-Sung
94%
Saddam Hussein
86%
Julius Caesar
71%
Vladimir Lenin
70%
Hafez Al-Assad
28%
Ferdinand Marcos
26%
Saparmurat Niyazov
22%
Park Chung-Hee
19%
Reza Shah
9%
Laurent Kabila
7%
No matching quizzes found
Score Distribution
Percent of People with Each Score
Percentile by Number Answered
Your Score History
You have not taken this quiz